|
|
|
|
| LEADER |
00858naa a2200217 i 4500 |
| 001 |
acta58910 |
| 005 |
20260224081030.0 |
| 008 |
190627s2014 hu o 100 eng d |
| 020 |
|
|
|a 978-963-306-246-3
|
| 040 |
|
|
|a SZTE Egyetemi Kiadványok Repozitórium
|b hun
|
| 041 |
|
|
|a eng
|
| 100 |
1 |
|
|a Rácz Anita
|
| 245 |
1 |
0 |
|a 4FX
|h [elektronikus dokumentum] :
|b automatic detection of light verb constructions in a multilingual corpus /
|c Rácz Anita
|
| 260 |
|
|
|c 2014
|
| 300 |
|
|
|a 388
|
| 490 |
0 |
|
|a Magyar Számítógépes Nyelvészeti Konferencia
|v 10
|
| 695 |
|
|
|a Nyelvészet - számítógép alkalmazása - előadáskivonat
|
| 700 |
0 |
1 |
|a Nagy T. István
|e aut
|
| 700 |
0 |
1 |
|a Vincze Veronika
|e aut
|
| 710 |
|
|
|a Magyar Számítógépes Nyelvészeti Konferencia (10.) (2014) (Szeged)
|
| 856 |
4 |
0 |
|u http://acta.bibl.u-szeged.hu/58910/1/msznykonf_010_388.pdf
|z Dokumentum-elérés
|